000 00248nam a2200097Ia 4500
001 815885
005 20250826171705.0
008 250824s9999 xx 000 0 und d
245 0 _aTATLI BELA ANGELA
_cALAN MACDONALD
260 _bKIRMIZI KEDİ YAYINLARI
999 _c815885
_d815885